000 00558nam a2200193Ia 4500
003 OSt
005 20221007083232.0
006 a|||||r|||| 00| 0
007 ta
008 221006b |||||||| |||| 00| 0 eng d
024 _a22,457
037 _cTheseses
040 _aFLL
_cFLL
_beng
041 _2eng
_aeng
100 _aPiri Abbas Khwajeh
_9700517
245 0 _aHuman rights & their enforcement in modern international law traditional islamic law & the national law of Iran
942 _cDIS
_2CC
999 _c1169335
_d1169335